Hauptstädte in der Nähe von Doha - Statistiken

Allgemein
  • Dieses Quiz wurde 97 mal gespielt
  • Das Durchschnittsergebnis liegt bei 15 aus 20
Antwortstatistiken
km Hauptstadt % Korrekt
1158 Teheran
97%
492 Riad
96%
1131 Bagdad
95%
1748 Jerusalem
91%
302 Abu Dhabi
88%
1343 Sanaa
83%
140 Manama
82%
575 Kuwait-Stadt
81%
1818 Beirut
79%
1734 Damaskus
78%
1693 Amman
77%
722 Maskat
75%
1989 Kabul
69%
1783 Jerewan
66%
1686 Baku
65%
2059 Nikosia
64%
1930 Tiflis
61%
1764 Dschibuti
53%
1549 Aşgabat
45%
1718 Asmara
40%
Keine übereinstimmenden Quizze gefunden
Verteilung der Resultate
Anzahl Personen mit jedem Resultat
Perzentil nach korrekt beantworteten Fragen
Ihre Resultats-Entwicklung
Sie haben dieses Quiz noch nicht gespielt